Normal view
MARC view
Entry Personal Name
001 - CONTROL NUMBER
- control field: 40936
003 - CONTROL NUMBER IDENTIFIER
- control field: ARRUPE
005 - DATE AND TIME OF LATEST TRANSACTION
- control field: 20180323115403.0
008 - FIXED-LENGTH DATA ELEMENTS
- fixed length control field: 180323|| aca||aabn | a|a d
040 ## - CATALOGING SOURCE
- Original cataloging agency: ARRUPE
- Transcribing agency: ARRUPE
100 ## - HEADING--PERSONAL NAME
- Personal name: Saxer, Victor
670 ## - SOURCE DATA FOUND
- Source citation: Work cat.: (ARRUPE): Saxer, Victor, Les rites de L'initiation cheretienne du ll au vi siecle:, 1988